George Eliot Novels Quiz Stats

 Plays Quiz Updated Apr 1, 2020

Support Sporcle.
Go Orange.
Score 0/7 Timer 03:00
0 Plays Today
Year Title % Correct
1871-72Middlemarch
85.3%
1861Silas Marner
81.1%
1860The Mill on the Floss
75.4%
1859Adam Bede
55.8%
1876Daniel Deronda
54.9%
1862-63Romola
34%
1866Felix Holt, the Radical
24.9%

You're not logged in!

Compare scores with friends on all Sporcle quizzes.
OR
Log In

From the Vault

Classic TV: 1985 Listings

by rockgolf

You take the good. You take the bad.
Remove Ads.
Support Sporcle.
Get the best of Sporcle when you Go Orange. This ad-free experience offers more features, more stats, and more fun while also helping to support Sporcle. Thank you for becoming a member.

Show Comments

Extras

Top Quizzes Today


Score Distribution

Your Account Isn't Verified!

In order to create a playlist on Sporcle, you need to verify the email address you used during registration. Go to your Sporcle Settings to finish the process.

Report this User

Report this user for behavior that violates our Community Guidelines.

Details: